[Event "FRA-ch U08"]
[Site "Le Grand Bornand"]
[Date "2007.04.??"]
[Round "2"]
[White "Ackermann, Nathan"]
[Black "Razanajato, Harenome"]
[Result "0-1"]
[WhiteElo "1670"]
[BlackElo "1941"]
[PlyCount "32"]
[EventDate "2007.04.07"]
[EventType "swiss"]
[EventRounds "9"]
[EventCountry "FRA"]
[SourceTitle "CBM 118 Extra"]
[Source "ChessBase"]
[SourceDate "2007.07.04"]
[SourceVersion "1"]
[SourceVersionDate "2007.07.04"]
[SourceQuality "1"]

1. e4 c5 2. Nf3 d6 3. d4 cxd4 4. Nxd4 Nf6 5. Nc3 a6 6. Be2 e6 7. 0-0 Be7 8. Be3 b5 9. a3 Bb7 10. Bd3 Nbd7 11. Nb3 d5 12. exd5 Nxd5 13. Nxd5 Bxd5 14. Qg4 Nf6 15. Qf4 Bxb3 16. cxb3 Qxd3 0-1